Biggest Asian "N" Cities by Picture - Statistics

General Stats
  • This quiz has been taken 82 times
  • The average score is 6 of 16
Answer Stats
Picture Hint Answer % Correct
🇨🇳 7,520,000 Nánjīng
93%
🇯🇵 2,330,000 Nagoya
83%
🇷🇺 1,630,000 Novosibirsk
76%
🇮🇳 2,500,000 Nāgpur
50%
🇨🇳 4,580,000 Nánníng
49%
🇨🇳 3,730,000 Níngbō
47%
🇹🇼 4,370,000 New Taipei City
37%
🇨🇳 3,520,000 Nánchāng
29%
🇨🇳 2,990,000 Nántōng
23%
🇯🇵 790,000 Niigata
23%
🇮🇳 1,560,000 Nāshik
19%
🇨🇳 1,250,000 Nánchōng
16%
🇨🇳 1,410,000 Nányáng
13%
🇮🇶 750,000 Najaf
11%
🇨🇳 940,000 Nán'ān
4%
🇨🇳 760,000 Níngxiāng
1%
No matching quizzes found
Score Distribution
Percent of People with Each Score
Percentile by Number Answered
Your Score History
You have not taken this quiz